00330 a2200121 450000100060000002000220000608200120002810000610004024500560010125000060015726000320016330000130019592583 a978-1-4665-7830-2 a532/AND aDale A. Anderson, Richard H. Pletcher, John C. Tannehill aComputational Fluid Mechanics and Heat Transfer 3e a3 aBoca RatonbCRC Pressc2013 axx,740p.